Sports Quiz

Random Sports or Basketball Quiz

NBA Career Block Leaders Quiz Stats

 Plays Quiz Updated Jun 1, 2019

Score 0/25 Timer 06:00
1 Play Today
Blocks Player % Correct
2,732Shaquille O'Neal
90.6%
3,830Hakeem Olajuwon
76.7%
3,189Kareem Abdul-Jabbar
76.7%
3,020Tim Duncan
74.4%
3,289Dikembe Mutombo
72.8%
2,954David Robinson
71.5%
2,894Patrick Ewing
68%
2,037Kevin Garnett
60.4%
1,941*Pau Gasol
59.4%
2,137Ben Wallace
49.5%
2,356Alonzo Mourning
47.4%
2,086Manute Bol
44.2%
1,820Jermaine O'Neal
43.3%
Blocks Player % Correct
2,361Robert Parish
42.1%
2,051*Dwight Howard
38.2%
2,082George Johnson
37.5%
2,119Shawn Bradley
35.2%
3,064Mark Eaton
33.3%
2,331Marcus Camby
33.1%
1,968Theo Ratliff
21.9%
1,771Elvin Hayes
19.4%
1,828Elton Brand
18.2%
2,542Tree Rollins
14.2%
1,747Artis Gilmore
11.3%
2,027Larry Nance
9.1%

You're not logged in!

Compare scores with friends on all Sporcle quizzes.
OR
Log In

Sporcle TV

Today on Sporcle TV


Watch our educational content, quiz creation guides, and fun videos on Sporcle TV.

Show Comments

Extras

Top Quizzes Today


Score Distribution

Your Account Isn't Verified!

In order to create a playlist on Sporcle, you need to verify the email address you used during registration. Go to your Sporcle Settings to finish the process.

Report this User

Report this user for behavior that violates our Community Guidelines.

Details: